| 000 | 00813cam a2200181 i 4500 | ||
|---|---|---|---|
| 005 | 20251123083107.0 | ||
| 008 | 250721s2009 jo gr 000 0 ara d | ||
| 082 | 1 | 4 |
_a211.2 _bس و ي |
| 100 | 1 |
_aسويد، عبد الله عبد الحميد _eمؤلف. |
|
| 245 | 1 | 0 |
_aقراءة القرآن الكريم : أحكام القراءة : _b( سؤال و جواب ) / _cالدكتور عبدالله عبدالحميد سويد، الشيخ القارىء الامين محمد قنيوه. |
| 264 | 3 | 1 |
_aعمان : _bدار زهران للنشر والتوزيع، _c2009. |
| 300 | _a177 صفحة. | ||
| 650 | 1 | 7 | _aقرااات القرآن الكريم. |
| 650 | 1 | 7 | _aآيات الاحكام. |
| 700 | 1 |
_aقنيوه، الأمين محمد _eمؤلف. |
|
| 942 |
_2ddc _cBK |
||
| 999 |
_c114369 _d114369 |
||